| 000 | 01588nam a2200433 a 4500 | ||
|---|---|---|---|
| 001 | |||
| 003 | DO-SdBPM | ||
| 005 | 20251128121935.0 | ||
| 007 | ta | ||
| 008 | 100406s2021 dr 001 0dspa d | ||
| 020 | _a9789945618334 | ||
| 040 |
_aDO-SdBPM _bspa _cBPMSU _erea |
||
| 049 | _a | ||
| 082 | 4 |
_a923.27293 _bD812a 2013 _222 |
|
| 100 | 1 |
_aDuarte, Rosa _d1820-1888 _eautora _4aut. |
|
| 245 | 1 | 0 |
_aApuntes de Rosa Duarte : _barchivo y versos de Juan Pablo Duarte / _cedición y notas de E. Rodríguez Demorizi, C. Larrazábal Blanco, V. Alfau Durán; prólogo Pedro Troncoso Sánchez. |
| 250 | _a8a ed. | ||
| 260 | _c2013. | ||
| 264 |
_aSanto Domingo : _bInstituto Duartiano, _c2021 |
||
| 300 |
_a338 páginas ; _c23 cm. |
||
| 336 |
_atexto _btxt _2rdacontent |
||
| 337 |
_asin mediación _bn _2rdamedia |
||
| 338 |
_avolumen _bnc _2rdacarrier |
||
| 490 | 0 | _aDartiana | |
| 500 | _aIncluye índice onomástico | ||
| 500 | _aIncluye referencias bibliográficas y notas al pie de las páginas | ||
| 590 | _aInventariado, 2025VM | ||
| 590 | _6Inventariado, 2025/VM | ||
| 600 | 1 | 7 |
_aDuarte, Juan Pablo, _d1813-1876 |
| 650 | 7 | _aPoesía dominicana | |
| 650 | 7 | _aLiteratura dominicana. | |
| 651 | 7 |
_aRepública Dominicana _xHistoria _y1844-1930 _xFuentes |
|
| 700 | 1 |
_aRodríguez Demorizi, Emilio, _d1908-1986 _eedición |
|
| 700 | 1 |
_aAlfau Durán, Vetilio, _d1909-1985 _eeditor |
|
| 700 | 1 |
_aLarrazábal Blanco, Carlos, _d1894-1989, _eed. |
|
| 700 | 1 |
_aTroncoso Sánchez, Pedro, _d1904-1989, _epról. |
|
| 910 | _aVMateo V. Control de calidad. BPMSU | ||
| 942 |
_2ddc _cBK |
||
| 999 |
_c15549 _d15549 |
||